000 00440nam a2200145 i 4500
001 31102
003 ES-MaACL
005 20230906154317.0
007 t|
008 030128s1917 sp ||||1| spa d
100 1 _aBellver de Ayora, J.
_927291
245 1 0 _aLegítimo sistema de sistemas terapéuticos en cirugía infectada
_b: conferencia... /
_cJ. Bellver de Ayora.
260 _aValencia :
_b[s.n.,
_c1917]
852 _aES-MaACL
_j1573-F-6
999 _c31102
_d31102